000 00690nam a2200229Ia 4500
001 8552
003 GE_BSU
008 181216s||||||||xx |||||||||||||| ||und||
040 _cGE_BSU
080 _a821.353.1-32
100 _aვასაძე,აკაკი
245 _aუჩვეულო დღეები
245 _bმოთხრობები
245 _cრედ.ლ.ფოფხაძე
260 _aთბილისი
260 _bსაბჭოთა საქართველო
260 _c1971
300 _a198გვ.16სმ.
653 _aმოთხრობები
653 _aუჩვეულო დღეები
942 _cBK
999 _c41869
_d41869